| 000 | 00726cam a2200217 4500 | ||
|---|---|---|---|
| 001 | B2795 | ||
| 008 | 090401t1990 xxu||||| |||| 00| 0 eng d | ||
| 035 | _a(Sirsi) u52232 | ||
| 041 | _aeng | ||
| 050 | _a690.3 | ||
| 090 | _aRICS 1990/23ABCD | ||
| 110 |
_aRoyal Institution of Chartered Surveyors _bBuilding Surveyors Division _94964 |
||
| 245 | 4 | _aThe application of quality assurance to building surveyors. Follow up guidance provided by the Building Surveyors Division | |
| 260 |
_aLondon _bRoyal Institution of Chartered Surveyors _c1990 |
||
| 300 | _a14p. ; 30cm. | ||
| 350 | _a15 | ||
| 520 | _aBuilding Surveyors Division. | ||
| 650 | _aBUILT ENVIRONMENT-BUILDING INSPECTION | ||
| 942 | _n0 | ||
| 948 | _c04/03/1997 | ||
| 999 |
_c93010 _d93010 |
||